| 000 | 01460cam a2200289 a 4500 | ||
|---|---|---|---|
| 001 | 17485336 | ||
| 003 | NUST | ||
| 005 | 20221230183903.0 | ||
| 008 | 121005s2013 fluab b 001 0 eng | ||
| 010 | _a 2012039335 | ||
| 020 | _a9781466510906 (hbk. : alk. paper) | ||
| 040 |
_aDLC _cDLC _dDLC |
||
| 042 | _apcc | ||
| 043 | _an-us--- | ||
| 050 | 0 | 0 |
_aHV6432.4 _b.N46 2013 |
| 082 | 0 | 0 |
_a363.340973,NEM _223 |
| 100 | 1 |
_aNemeth, Charles P., _d1951- _9106546 |
|
| 245 | 1 | 0 |
_aHomeland security : _ban introduction to principles and practice / _cCharles P. Nemeth. |
| 250 | _a2nd ed. | ||
| 260 |
_aBoca Raton, FL : _bCRC Press, _cc2013. |
||
| 300 |
_axxiv, 628 p. : _bill., maps ; _c26 cm. |
||
| 505 | _aThe Idea and Origin of Homeland Security (Page-1), Terror, Threat, and Disaster Post-9/11: New Paradigm of Homeland Security (Page-29), Homeland security Law, Regulation, and Budgeting (Page-73), Risk Management, Threats, and Hazards (Page-139), DHS Challenges: National vs. State and Local, National security vs. Homeland security (Page-251), FEMA, Response, and Recovery (Page-297), Intelligence (Page-331), Border Security (Page-403), Homeland Security and Public Health (Page-469), The Future of Homeland Security (page-515). | ||
| 610 | 1 | 0 |
_aUnited States. _bDepartment of Homeland Security. _925172 |
| 650 | 0 |
_aNational security _zUnited States. _97976 |
|
| 650 | 0 |
_aTerrorism _zUnited States _xPrevention. _914606 |
|
| 942 |
_2ddc _cBK _k363.340973,NEM |
||
| 999 |
_c592882 _d592882 |
||